Ο ρόλος του κοινωνικού κεφαλαίου στις κοινωνικές συνεταιριστικές επιχειρήσεις : μελέτη περίπτωσης της Κοιν. Σ. Επ. Μοδούσα στη Λέσβο : μεταπτυχιακή διατριβή
Αποθηκεύτηκε σε:
| Κύριος συγγραφέας: | |
|---|---|
| Συγγραφή απο Οργανισμό/Αρχή: | |
| Άλλοι συγγραφείς: | |
| Μορφή: | Thesis Βιβλίο |
| Γλώσσα: | Greek |
| Δημοσίευση: |
2017.
|
| Θέματα: | |
| Διαθέσιμο Online: | http://hdl.handle.net/11610/19093 |
| Ετικέτες: |
Προσθήκη ετικέτας
Δεν υπάρχουν, Καταχωρήστε ετικέτα πρώτοι!
|
MARC
| LEADER | 00000cam a2200000 a 4500 | ||
|---|---|---|---|
| 001 | 1/117436 | ||
| 008 | 181024s2017####gr | ||| |||| ||gre|| | ||
| 040 | |a GR-MyUa |b gre |c GR-MyUa |e AACR2 | ||
| 041 | 0 | |a gre | |
| 082 | 7 | |a 338.04 |2 (23) | |
| 100 | 1 | |a Καραμβάλη, Ειρήνη Τ. | |
| 245 | 1 | 2 | |a Ο ρόλος του κοινωνικού κεφαλαίου στις κοινωνικές συνεταιριστικές επιχειρήσεις : |b μελέτη περίπτωσης της Κοιν. Σ. Επ. Μοδούσα στη Λέσβο : μεταπτυχιακή διατριβή / |c Ειρήνη Τ. Καραμβάλη ; επιβλέπων καθηγητής: Μιχάλης Ψημίτης. |
| 260 | |c 2017. | ||
| 300 | |a 190 σ. ; |c 30 εκ. | ||
| 502 | |a Διατριβή (μεταπτυχιακή) - Πανεπιστήμιο Αιγαίου, Λέσβος, 2017. | ||
| 504 | |a Περιλαμβάνει βιβλιογραφία. | ||
| 506 | 1 | |a Ηλεκτρονική διάθεση στο πλήρες κείμενο περιορισμένης πρόσβασης ; |d Ελεύθερη διάθεση μόνο στα μέλη του Πανεπιστημίου Αιγαίου. | |
| 540 | |a Κλειδωμένη η δυνατότητα αντιγραφής (copy) από το ηλεκτρονικό κείμενο. | ||
| 650 | 0 | |a Social capital (Sociology) |z Greece |z Lesbos (Municipality) |x Case studies. | |
| 650 | 0 | |a Social entrepreneurship |z Greece |z Lesbos (Municipality) | |
| 650 | 0 | |a Nonprofit organizations. | |
| 650 | 0 | |a Economics |x Social aspects. | |
| 700 | 1 | |a Ψημίτης, Μιχάλης. | |
| 710 | 2 | |a Πανεπιστήμιο Αιγαίου |b Σχολή Κοινωνικών Επιστημών |b Τμήμα Κοινωνιολογίας |b Μεταπτυχιακό Πρόγραμμα Σπουδών Έρευνα για την Τοπική Κοινωνική Ανάπτυξη και Συνοχή. | |
| 852 | |a INST |b LESVOS |c DIATR |e 20181024 |h 359 |p 005100059846 |q 005100059846 |t MTXE |y 23 | ||
| 856 | |u http://hdl.handle.net/11610/19093 | ||
| 924 | |a Καραμβάλη |b Ειρήνη |y Λέσβος |z 2017-03 | ||
| 970 | |a Δημάκη |b Μαρία |z 24-10-2018 | ||